In the problem is the solution: (Record no. 19462)

MARC details
000 -LEADER
fixed length control field 00963nam a22002537a 4500
008 - FIXED-LENGTH DATA ELEMENTS--GENERAL INFORMATION
fixed length control field 081204t xxu||||| |||| 00| 0 eng d
010 ## - LCCN (DPL NO)
LC control number ENG-92001
020 ## - INTERNATIONAL STANDARD BOOK NUMBER
International Standard Book Number 9788187326694
Terms of availability 150.00
035 ## - SYSTEM CONTROL NUMBER
System control number EN-75534
037 ## - SOURCE OF ACQUISITION
Source of stock number/acquisition DBAD / PUB
040 ## - CATALOGING SOURCE
Original cataloging agency dpl
Language of cataloging English
082 ## - DEWEY DECIMAL CLASSIFICATION NUMBER
Classification number 181.499
100 ## - MAIN ENTRY--PERSONAL NAME
Personal name Krishnamurti, J.
245 ## - TITLE STATEMENT
Title In the problem is the solution:
Statement of responsibility, etc by J. Krishnamurti
Remainder of title question and answer meetings in India /
260 ## - PUBLICATION, DISTRIBUTION, ETC. (IMPRINT)
Place of publication, distribution, etc Chennai
Name of publisher, distributor, etc Krishnamurti Foundation India
Date of publication, distribution, etc 2008
270 ## - ADDRESS
Address Vasanta Vihar, 124 Grenways Road,
City Chennai
Postal code 600028
300 ## - PHYSICAL DESCRIPTION
Extent 183p.
Dimensions 23cm (pbk)
500 ## - GENERAL NOTE
General note Includes index
600 ## - SUBJECT ADDED ENTRY--PERSONAL NAME
Personal name Krishnamurti, J., (Jiddu), 1895-1986.
650 ## - SUBJECT ADDED ENTRY--TOPICAL TERM
Topical term or geographic name as entry element Philosophy.
650 ## - SUBJECT ADDED ENTRY--TOPICAL TERM
Topical term or geographic name as entry element Religion.
942 ## - ADDED ENTRY ELEMENTS (KOHA)
Source of classification or shelving scheme Dewey Decimal Classification
Item type English Books
Call number suffix KRI
Classification part 181.499
Holdings
Withdrawn status Lost status Source of classification or shelving scheme Damaged status Not for loan Collection code Home library Current library Date acquired Source of acquisition Cost, normal purchase price Total Checkouts Full call number Barcode Date last seen Copy number Cost, replacement price Koha item type
    Dewey Decimal Classification   Not For Loan Non-fiction D.B.Act.Division D.B.Act.Division 04/12/2008 DBAD / PUB 150.00   181.499 KRI EN-75534 04/12/2008 1 150.00 English Books

© Delhi Public Library
Hit Counter
free hit counter